[Event "IV Festival A"]
[Site "San Martino di Castrozza - Siror ITA"]
[Date "2003.07.06"]
[Round "7"]
[White "Poropat, Marijan"]
[Black "Gaido, Paolo"]
[Result "1-0"]
[WhiteElo "2103"]
[BlackElo "2123"]
[PlyCount "43"]
[EventDate "2003.06.30"]

1. Nf3 Nf6 2. g3 g6 3. b3 Bg7 4. Bb2 d6 5. Bg2 e5 6. O-O O-O 7. c4 c6 8. d3 h6
9. c5 Re8 10. cxd6 Qxd6 11. Nbd2 Nbd7 12. Qc2 Nd5 13. Rac1 f5 14. Nc4 Qe6 15.
e4 Nb4 16. Qd2 Na6 17. exf5 gxf5 18. Rfe1 e4 19. Bxg7 Kxg7 20. dxe4 fxe4 21.
Nd6 Rf8 22. Rxe4 1-0

[Event "IV Festival A"]
[Site "San Martino di Castrozza - Siror ITA"]
[Date "2003.07.06"]
[Round "7"]
[White "Proietti, Giorgio"]
[Black "Rossi, Giampiero"]
[Result "0-1"]
[WhiteElo "1804"]
[BlackElo "2052"]
[PlyCount "102"]
[EventDate "2003.06.30"]

1. d4 d5 2. Nf3 c6 3. c4 e6 4. e3 Nf6 5. Nc3 Nbd7 6. a3 Be7 7. Bd3 O-O 8. O-O
b6 9. cxd5 exd5 10. b4 Bb7 11. Bb2 Re8 12. Nd2 a5 13. Qb3 h6 14. e4 dxe4 15.
Ncxe4 Nxe4 16. Nxe4 Nf6 17. Nxf6+ Bxf6 18. Rad1 axb4 19. axb4 Ba6 20. Bxa6 Rxa6
21. b5 cxb5 22. Qxb5 Ra5 23. Qb4 Rd5 24. Rb1 b5 25. Rbd1 Qd7 26. Rfe1 Rxe1+ 27.
Qxe1 g6 28. g3 Kg7 29. Bc3 Qg4 30. Kg2 Rh5 31. h4 Rxh4 32. Qd2 Rh5 33. Rh1 Rxh1
34. Kxh1 Qf3+ 35. Kg1 h5 36. Bb4 g5 37. Bc5 h4 38. gxh4 gxh4 39. Qe3 Qg4+ 40.
Kh2 Qf5 41. f4 Qe6 42. Qg1+ Kh8 43. Qg2 Qe3 44. Qg4 Qe4 45. Qh5+ Kg7 46. Qg4+
Qg6 47. Qf3 b4 48. Bxb4 Bxd4 49. Qg2 Qxg2+ 50. Kxg2 Kg6 51. Be1 Bf6 0-1

[Event "IV Festival A"]
[Site "San Martino di Castrozza - Siror ITA"]
[Date "2003.07.06"]
[Round "7"]
[White "Rotstein, Arkadij"]
[Black "Drasko, Milan"]
[Result "1/2-1/2"]
[WhiteElo "2514"]
[BlackElo "2491"]
[PlyCount "24"]
[EventDate "2003.06.30"]

1. d4 e6 2. c4 Nf6 3. Nc3 Bb4 4. Qc2 O-O 5. a3 Bxc3+ 6. Qxc3 b6 7. Bg5 Ba6 8.
e3 d6 9. Nf3 Nbd7 10. Bd3 c5 11. O-O h6 12. Bh4 cxd4 1/2-1/2

[Event "IV Festival A"]
[Site "San Martino di Castrozza - Siror ITA"]
[Date "2003.07.06"]
[Round "7"]
[White "Valenti, Giuseppe"]
[Black "Di Paolo, Raffaele"]
[Result "1-0"]
[WhiteElo "2226"]
[BlackElo "2320"]
[PlyCount "81"]
[EventDate "2003.06.30"]

1. e4 d6 2. d4 Nf6 3. Nc3 c6 4. f3 e5 5. dxe5 dxe5 6. Qxd8+ Kxd8 7. Bc4 Be6 8.
Bxe6 fxe6 9. Be3 Nbd7 10. O-O-O Kc7 11. Nh3 h6 12. Nf2 Bc5 13. Bxc5 Nxc5 14. b4
Ncd7 15. Nd3 Nh5 16. Rd2 Nf4 17. Rhd1 Nxd3+ 18. Rxd3 Rad8 19. Na4 b5 20. Nb2
Nb6 21. Rxd8 Rxd8 22. Rxd8 Kxd8 23. Kd2 Ke7 24. Kd3 Kd6 25. c4 bxc4+ 26. Nxc4+
Nxc4 27. Kxc4 g6 28. a4 Kd7 29. Kc5 Kc7 30. g4 Kd7 31. b5 cxb5 32. Kxb5 Kc7 33.
Ka6 Kb8 34. a5 Ka8 35. Kb5 Kb7 36. h4 a6+ 37. Kc5 Kc7 38. Kc4 g5 39. h5 Kc6 40.
Kb4 Kc7 41. Kc5 1-0